HOSPITALITY AND TRAVEL MARKETING (Record no. 34859)

MARC details
000 -LEADER
fixed length control field 00350nam a22001577a 4500
003 - CONTROL NUMBER IDENTIFIER
control field SGT
020 ## - INTERNATIONAL STANDARD BOOK NUMBER
International Standard Book Number 9788131502495
082 ## - DEWEY DECIMAL CLASSIFICATION NUMBER
Classification number 610.73
Item number H07M
100 ## - MAIN ENTRY--PERSONAL NAME
Personal name MORRISON, ALASTAIR
245 ## - TITLE STATEMENT
Title HOSPITALITY AND TRAVEL MARKETING
250 ## - EDITION STATEMENT
Edition statement 3RD
260 ## - PUBLICATION, DISTRIBUTION, ETC. (IMPRINT)
Place of publication, distribution, etc INDIA
Name of publisher, distributor, etc THOMSON PUB
Year of Publication 2007
300 ## - PAGE DESCRIPTION
No. of Pages 625
650 ## - SUBJECT ADDED ENTRY--TOPICAL TERM
Topical term or geographic name as entry element NURSING BOOKS
942 ## - ADDED ENTRY ELEMENTS (KOHA)
Source of classification or shelving scheme Dewey Decimal Classification
Koha item type Books
Holdings
Withdrawn status Lost status Source of classification or shelving scheme Damaged status Not for loan Collection code Home library Current library Shelving location Date acquired Vendor Name SGTU Total Checkouts Full call number Accession No. (Barcode) Date last seen Bill Date Koha item type
    Dewey Decimal Classification   Not For Loan NURSING SGT Medical Library SGT Medical Library Reference Book 16/05/2026 COMP SGTU   610.73 H07M FN6064 16/05/2026 16/05/2026 Books